000
00382nam a2200133Ia 4500
008
151001s9999||||xx |||||||||||||| ||und||
100
_a
शिवांग
245
_a
कौटुंबिक हिंसाचारापासमन
250
_a
1
260
_b
शिवांश पब्लिकेशन
260
_c
2008
300
_a
94
365
_b
21
999
_c
989364
_d
989361